Pruebas basicas para formas farmaceuticas (Registro nro. 1982)

Detalles MARC
000 -LEADER
fixed length control field 00864nam a2200265 a 4500
003 - CONTROL NUMBER IDENTIFIER
control field OSt
005 - FECHA ULTIMA MODIFICACION
control field 20131104152229.0
008 - FIXED-LENGTH DATA ELEMENTS--GENERAL INFORMATION
fixed length control field 131104s1992 sz ||||| |||| 00| 0 spa d
020 ## - INTERNATIONAL STANDARD BOOK NUMBER
International Standard Book Number 92-4-354418-7
040 ## - CATALOGING SOURCE
Transcribing agency Biblioteca Medicina
041 ## - LANGUAGE CODE
Language code of text/sound track or separate title spa
082 ## - DEWEY DECIMAL CLASSIFICATION NUMBER
Classification number OMS QV 39
110 ## - MAIN ENTRY--CORPORATE NAME
Corporate name or jurisdiction name as entry element Organizacion Mundial de la Salud
9 (RLIN) 1006
245 00 - TITLE STATEMENT
Title Pruebas basicas para formas farmaceuticas
250 ## - EDITION STATEMENT
Edition statement 1° ed.
260 ## - PUBLICATION, DISTRIBUTION, ETC. (IMPRINT)
Place of publication, distribution, etc Ginebra
Name of publisher, distributor, etc Organizacion Mundial de la Salud
Date of publication, distribution, etc 1992
300 ## - PHYSICAL DESCRIPTION
Extent 138 p.
653 ## - INDEX TERM--UNCONTROLLED
Uncontrolled term CONTROL DE CALIDAD
653 ## - INDEX TERM--UNCONTROLLED
Uncontrolled term DROGAS-ANALISIS
653 ## - INDEX TERM--UNCONTROLLED
Uncontrolled term PREPARACIONES FARMACEUTICAS-PRUEBAS
653 ## - INDEX TERM--UNCONTROLLED
Uncontrolled term FORMAS DE DOSIFICACION
856 ## - ELECTRONIC LOCATION AND ACCESS
Link text http://www.who.int/ipcs/publications/ehc/ehc_numerical/en/index.html
942 ## - ADDED ENTRY ELEMENTS (KOHA)
Source of classification or shelving scheme Dewey Decimal Classification
Koha item type Hemeroteca
Existencias
Withdrawn status Lost status Fuente de clasificación Damaged status Not for loan Colección Ubicación permanente Ubicación actual Sala de ubicación Fecha de adquisición Total Checkouts Número de clasificación Código de barras Date last seen Número de ejemplar Price effective from Koha tipo de elemento (item)
    Dewey Decimal Classification     Non-fiction Biblioteca Medicina Biblioteca Medicina Circulación 04/11/2013   OMS QV 39 H0233 06/11/2014 Ej. 1 04/11/2013 Hemeroteca

UNIVERSIDAD NACIONAL DEL COMAHUE
Biblioteca de la Facultad de Ciencias Médicas
Sede Toschi: Los Arrayanes y Av. Toschi, Cipolletti  - Rio Negro
Sede Los Tordos:  Yrigoyen al 2211, Cipolletti - Rio Negro 

Teléfono: 0299 - 4774707 int 25
Contacto: biblioteca@facimed.uncoma.edu.ar
© 2011 - 2026